Normal view
MARC view
- Chandar, Major Y.Udaya
Entry Personal Name
001 - CONTROL NUMBER
- control field: 48772
003 - CONTROL NUMBER IDENTIFIER
- control field: NUST
005 - DATE AND TIME OF LATEST TRANSACTION
- control field: 20210314134134.0
008 - FIXED-LENGTH DATA ELEMENTS
- fixed length control field: 210314|| aca||aabn | a|a d
040 ## - CATALOGING SOURCE
- Original cataloging agency: NUST
- Transcribing agency: NUST
100 ## - HEADING--PERSONAL NAME
- Personal name: Chandar, Major Y.Udaya
670 ## - SOURCE DATA FOUND
- Source citation: Work cat.: (NUST): Chandar, Major Y.Udaya, The art of military leadership, 1979
